000 00719nam a2200205Ia 4500
003 OSt
005 20240404152252.0
008 210210b1992 xxu||||| |||| 00| 0 eng d
040 _cAL
041 _aKannada
082 _a398.2K NAVK
100 _aNAVADA (A V) mattu NAVADA (Gayatri).
_9142295
_dಎ ವಿ ನಾವಡ ಮತ್ತು ಗಾಯತ್ರಿ ನಾವಡ
245 _aKadyanata. patya mattu pradarshana.
_bಕಾಡ್ಯನಾಟ : ಪಠ್ಯ ಮತ್ತು ಪ್ರದರ್ಶನ
260 _aUdupi.
_bPradeshika Janapada Rangakalegala Adhyayana Kendra.,
_c1992
300 _axxviii,187
650 _aKadynata
_9142296
690 _aFolklore
_9142297
906 _a045995
942 _2ddc
_cBK
999 _c95619
_d95619